000 00875 a2200265 4500
003 CBULib
005 20240628144810.0
008 240628b |||||||| |||| 00| 0 eng d
040 _aCBULib
_bEnglish
_cCBULib
_erda
041 _aeng
050 _aCBU-PG THESIS/MAL
100 _aMalinde, Dellie
245 _aFactors influencing entrepreneurial intention among Zambian youth : evidence from Luanshya district
_c/ by Dellie Malinde
260 _bCopperbelt University,
_c2023
_aKitwe :
300 _ax, 71 pages : illustrations
336 _2rdacontent
_aText |
_btxt
337 _2rdamedia
_aUnmediated |
_bn
338 _2rdacarrier
_aVolume
_bnc
504 _aincludes references
650 0 _93049
_aENTREPRENEURSHIP--PSYCHOLOGICAL ASPECTS
650 0 _93050
_aINTENTION
650 0 _93051
_aYOUTHS
650 0 _93052
_aENTREPRENEURIAL INTENTION
942 _2mc
_c030
999 _c85085
_d85085